| 000 | 03118cam a2200505 i 4500 | ||
|---|---|---|---|
| 001 | 1263243526 | ||
| 003 | OCoLC | ||
| 005 | 20240527103041.0 | ||
| 008 | 210810t20212021ilu ob 000 0 eng d | ||
| 020 | _a9781949800227 | ||
| 020 | _a1949800229 | ||
| 020 | _a9781949800234 | ||
| 020 | _a1949800237 | ||
| 020 | _a9781949800241 | ||
| 020 | _a1949800245 | ||
| 035 | _a(OCoLC)1263243526 | ||
| 040 |
_aATL _beng _erda _cATL _dOCLCF _dSNM |
||
| 049 | _aSNMM | ||
| 245 | 0 | 0 |
_aAdministration in theological libraries [electronic resource]: _bthe theological librarian's handbook; _nvolume 2 / _cedited by Andrew Keck. |
| 260 |
_aChicago, Ill. : _bAmerican Theological Library Association (Atla), _cc2021. |
||
| 300 | _a1 online resource (103 pages) | ||
| 336 |
_atext _btxt _2rdacontent. |
||
| 337 |
_acomputer _bc _2rdamedia. |
||
| 338 |
_aonline resource _bcr _2rdacarrier. |
||
| 490 | 1 |
_aThe theological librarian's handbook _vv.2. |
|
| 500 | _aThis work is licensed under a Creative Commons Attribution-Non-Commercial 4.0 International License (CC-BY-NC): creativecommons.org/licenses/by-nc/4.0. | ||
| 504 | _aIncludes bibliographical references. | ||
| 505 | 0 | 0 |
_tLibrary mission statements / _rAmy Limpitlaw -- _tNational and international library regulations and standards / _rAndrew Keck -- _tLibrary policies and procedures / _rKatharina Penner -- _tMentoring and supervising library staff in a theological library / _rJaeyeon Lucy Chung -- _tVolunteers in libraries : friends or foes? / _rKelly Campbell -- _tTheological library in the new normal environment : new dynamics of institutional relationship / _rReysa Alenzuela, Ma. Cynthia T. Pele�na -- _tPlanning and reporting / _rSiong Ng -- _tForecasting your budget / _rCynthia Snell -- _tFinancial accounting and record-keeping / _rT. Patrick Milas. |
| 520 | _aModels for the administration of theological libraries vary significantly based on size, location, culture, and context. Commonly, theological libraries must develop an internal administration of policies, procedures, and goals in relation to collection management, staffing/volunteers, planning, reporting, and budget, as well as administer external relationships to a broader institution, library consortia, and other stakeholders. The targeted audience for this volume includes those starting a new theology library or beginning a new position in administration with principles relevant to established libraries and library directors. | ||
| 650 | 0 | _aTheological libraries. | |
| 650 | 0 | _aLibrary administration. | |
| 650 | 0 | _aLibrary personnel management. | |
| 650 | 0 | _aLeadership. | |
| 650 | 0 | _aOpen access publishing. | |
| 650 | 7 |
_aLeadership. _2fast |
|
| 650 | 7 |
_aLibrary administration. _2fast |
|
| 650 | 7 |
_aLibrary personnel management. _2fast |
|
| 650 | 7 |
_aOpen access publishing. _2fast |
|
| 650 | 7 |
_aTheological libraries. _2fast |
|
| 655 | 4 | _aElectronic books | |
| 700 | 1 |
_aKeck, Andrew, _eeditor. |
|
| 830 | 0 |
_aTheological librarian's handbook _vv.2. |
|
| 856 | _uhttps://drive.google.com/file/d/18YblSEN2HpwANAxxguXyVMoKXOnlyG0A/view?usp=drive_link | ||
| 942 |
_2lcc _cEBK |
||
| 999 |
_c52877 _d52877 |
||